000 00745 a2200289 4500
005 20260323090050.0
008 260323b |||||||| |||| 00| 0 eng d
041 _aFr
044 _aCIV
090 _bDG/N/4007
100 _a OUATTARA, Adama
100 _aBOUET, Alphonse
100 _a BOKA, Arsene
100 _a
110 _aCentre National de Recherche Agronomique
110 _bCote d'Ivoire
245 _aLutte contre l'helminthosporiose du riz en Cote d'Ivoire
260 _aAbidjan
260 _bCNRA
260 _c2025
302 _a4 p.
388 _a2026-03-23
650 _2AGROVOC
_gCote d'Ivoire
650 _gRiz
650 _gLutte anti-maladie
650 _gHelminthosporiose
999 _c6010
_d6010